00868nam a22002177a 4500001001400000003000900014005001700023008004100040040001300081082001900094100004400113245009200157260008100249300003000330500012100360504004100481650001400522650002900536700004200565710004300607BD-DhSAU 9278BD-DhSAU20260512144430.0260512b2018 bg a|||| m||| 00| 0 eng d aBD-DhSAU 222a631.4bOy8 aDEBY, OYSHARJAeRegistration # 17-07593 aUse of nano urea for maximum growth and yield of boro rice (brri dhan102) /bMS thesis  aSher-e-Bangla Agricultural University;bDepartment of Soil Science, ;c2024. ax, 90p. :bill. ;c30 cm. aMS thesis of Department of Soil Science, ;, Faculty of Agriculture. Sher-e-Balgla Agricultural University Dhaka-1207 aIncludes bibliographical reference.  anano urea aboro rice (brri dhan102) aProf. Dr. Alok Kumar PauleSuperviser eCo-SuperviseraProf. Mst. Afrose Jahan